Conducting a valuation of a closely held business
| Main Author: | |
|---|---|
| Format: | Book |
| Published: |
New York :
AICPA ,
1993
|
| Subjects: |
MARC
| LEADER | 00000cam a2200000 7i4500 | ||
|---|---|---|---|
| 001 | 0000002006 | ||
| 005 | 20021121.0 | ||
| 040 | |a INS | ||
| 090 | 0 | 0 | |a HF5681.V3 |b T78 1993 |
| 100 | 1 | |a Trugman, Gary R. | |
| 245 | 1 | 0 | |a Conducting a valuation of a closely held business |c Gary R. Trugman |
| 260 | |a New York : |b AICPA , |c 1993 | ||
| 300 | |a 72p. | ||
| 650 | 0 | 0 | |a Business enterprises |x valuation |
| 650 | 0 | 0 | |a Close corporation |x valuation |
| 999 | |a 0000007042 |b BOOK |c Open Shelf |e Default branch | ||